00779nam a2200205 a 450000100100000000500170001000800410002702000150006804000250008308200140010810000350012224500960015726000300025330000210028349000290030450000730033383000380040695201120044499900170055600004315820201002040701.0140220s1979 sp 000 0 spa d a8420622494 aDO-SdBNPbspacBNPHU axxxxbxxx1 aCastro, Concepción de97072213aLa revolución liberal y los municipios españoles (1812-1868) /cConcepción de Castro. aMadrid :bAlianza,c1979. a236 p. ;c20 cm.1 aAlianza universidadv249 aIncluye referencias bibliográficas y notas al pie de las páginas 0aAlianza universidad ;n249970723 001050718MOaGRbGRcCTd2014-02-20iLF1l0oxxxx xxxp43158-10r2020-06-25w2020-06-25y1ZNo se presta c42647d42647